| 000 | 00460nam a2200181Ia 4500 | ||
|---|---|---|---|
| 008 | 230524s9999 xx 000 0 und d | ||
| 020 | _a0195642201 | ||
| 082 |
_a1.42 _bOJH |
||
| 100 |
_aB.K.Tripathy _935381 |
||
| 245 | 0 | _aOxford English-English-Oriya Dictionary | |
| 250 | _a21TH | ||
| 260 |
_aNEW YORK _bOxford _c2008 |
||
| 300 | _a1116 | ||
| 500 | _aQuantity Number: 1 | ||
| 650 | _aEnglish | ||
| 700 |
_a K.M.Patnaik ( Editors) _935382 |
||
| 942 | _cBK | ||
| 999 |
_c49183 _d49183 |
||